| 000 | 00513nam a2200181Ia 4500 | ||
|---|---|---|---|
| 999 |
_c28020 _d28020 |
||
| 003 | OSt | ||
| 005 | 20210106115105.0 | ||
| 008 | 190216s9999||||xx |||||||||||||| ||und|| | ||
| 020 | _a9788171309269 | ||
| 040 | _coclc | ||
| 082 |
_a894.812301 _bMAN/D |
||
| 100 |
_aMangad, Balakrishnan _97056 |
||
| 245 | 0 |
_aDoorakkazhcha / _cBalakrishnan Mangad |
|
| 260 |
_bDc Books, _aKottayam: _c1999. |
||
| 300 | _a90p | ||
| 650 | _aKathakal | ||
| 942 |
_cBK _2ddc _h894.812301 _iMAN/D _k894.812301 _mMAN/D |
||